| 000 | 00447nam a22001937a 4500 | ||
|---|---|---|---|
| 005 | 20230718112121.0 | ||
| 008 | 230718b |||||||| |||| 00| 0 eng d | ||
| 020 | _a780071152068 | ||
| 082 |
_a658 _bBAR-M |
||
| 100 | _aBARTOOL,KATHRYN M. | ||
| 245 | _aMANAGEMENT | ||
| 250 | _a3rd.ed. | ||
| 260 |
_aUSA _bMcGraw Hill _c1994 |
||
| 300 | _a778 | ||
| 500 | _ainclude index | ||
| 650 | _amanagement | ||
| 700 | _aKATHRYN M.BARTOL | ||
| 999 |
_c26038 _d26038 |
||